| 000 | 00634nam a2200229Ia 4500 | ||
|---|---|---|---|
| 005 | 20240131111329.0 | ||
| 008 | 131103s9999 xx 000 0 und d | ||
| 020 |
_a273361635 _c30 p. net. |
||
| 040 | _aLoreto College | ||
| 041 | _aEnglish | ||
| 082 |
_a370.1 _bJEF |
||
| 100 | _aJeffreys,M.V.C. | ||
| 245 | 4 |
_aThe Aims of Education, _cM.V.C.Jeffreys |
|
| 260 |
_aLondon _bPitman Publishing _c[19 -?] |
||
| 300 | _a173 p. | ||
| 504 | _aIncludes bibliographical references,index,foot notes | ||
| 630 | _aPhilosophy and Theory Of Education | ||
| 650 | _aEducation | ||
| 651 | _aEducation | ||
| 850 | _aLCLIB | ||
| 942 | _cBK | ||
| 999 |
_c10615 _d61094 |
||